• 首页
  • 本馆介绍
  • 公告通知
  • 最新文献
  • 馆藏检索
  • 电子资源
  • 读者导购
  • 参考咨询
  • 我的图书馆
  • 登录
  • 详细信息显示
  • 放入我的书架
  • 预约/预借图书
  • 作者相关作品
  • 分类相关作品
  • 丛书相关作品
  • 出版社相关作品

书目信息

  • 表格格式
  • 工作单格式
  • 卡片格式
题名:
抗生素与微生物产生的生物活性物质
    
 
作者: 张致平 , 姚天爵 主编
分册:  
出版信息: 北京   化学工业出版社  2005
页数: 627页
开本: 26cm
丛书名: 实用天然产物手册
单 册:
中图分类: R978.1 , Q936
科图分类:
主题词: 抗生素--生物活性--物质 , 微生物--生物活性--物质 , 抗生素 , 生物活性 , 物质 , 微生物
电子资源:
ISBN: 7-5025-5874-8
000 01109oam2 2200349 450
001 002791323
005 20080303092211.21
010    @a7-5025-5874-8@dCNY85.00
035    @a002791323
100    @a20050104d2005 em y0chiy0110 ea
101 0  @achi@aeng
102    @aCN@b110000
105    @ay z 001yy
106    @ar
200 1  @a抗生素与微生物产生的生物活性物质@Akang sheng su yu wei sheng wu chan sheng de sheng wu huo xing wu zhi@f张致平,姚天爵主编
210    @a北京@c化学工业出版社@d2005
215    @a627页@d26cm
225 2  @a实用天然产物手册
330    @a本书汇集国内外报道的已阐明化学结构的抗生素与微生物产生的生物活性物质2200余种,介绍其来源、作用及主要生物和理化特性。
461  0 @1001002797501@12001 @a实用天然产物手册
606 0  @a抗生素@x生物活性@x物质
606 0  @a微生物@x生物活性@x物质
606 0  @a抗生素
606 0  @a生物活性
606 0  @a物质
606 0  @a微生物
690    @aR978.1@v4
690    @aQ936@v4
701  0 @a张致平@Azhang zhi ping@c(药物学)@4主编
701  0 @a姚天爵@Ayao tian jue@4主编
801  0 @aCN@bNLC@c20080303
905    @dR978.1@e77@f4
    
    抗生素与微生物产生的生物活性物质/张致平,姚天爵主编.-北京:化学工业出版社,2005
    627页;26cm.-(实用天然产物手册)
    
    
    ISBN 7-5025-5874-8:CNY85.00
    本书汇集国内外报道的已阐明化学结构的抗生素与微生物产生的生物活性物质2200余种,介绍其来源、作用及主要生物和理化特性。
●
相关链接 在E读中查询图书 在五车中查询图书 在当当中查询图书 在豆瓣中查询图书


正题名:抗生素与微生物产生的生物活性物质     索取号:R978.1/77         预约/预借

序号 登录号 条形码 馆藏地/架位号 状态 备注
1 0614695   206146954   第二样本阅览室/ [索取号:R978.1/77] 在馆    
2 0614696   206146963   第三借阅区/ [索取号:R978.1/77] 在馆    
3 0614697   206146972   教育系资料室/ [索取号:R978.1/77] 在馆    
4 0614698   206146981   第三借阅区/ [索取号:R978.1/77] 在馆    
唐山师范学院图书馆 欢迎您!
大连网信软件有限公司© 版权所有